Statistics for Top 50 Cities with the Highest Murder Rate

Click here to take the quiz!

General Stats

  • This quiz has been taken 108 times
  • The average score is 19 of 50

Answers on the Map

Answers color-coded by a green-red scale on the quiz's map according to % correct below.
 

Answer Stats

Cities% Correct
Cape Town
98%
Detroit
92%
Johannesburg
92%
Caracas
87%
Kingston
84%
Tijuana
78%
Baltimore
76%
Guatemala City
74%
St. Louis
73%
Durban
72%
San Juan
70%
Guadalajara
68%
Cancún
67%
Cali
66%
Manaus
63%
Tegucigalpa
63%
Port Elizabeth
61%
Juárez
58%
Recife
58%
Salvador
56%
Fortaleza
53%
Acapulco
48%
San Pedro Sula
38%
Natal
30%
León
27%
Chihuahua
24%
Valencia
22%
Culiacan
16%
Reynosa
14%
Barquisimeto
13%
Ciudad Bolívar
13%
Ciudad Guayana
12%
Ciudad Victoria
12%
Maceió
11%
Cúcuta
10%
Ensenada
10%
Feira de Santana
8%
Morelia
7%
Cuernavaca
6%
Irapuato
6%
Obregón
6%
Rio Branco
6%
Maturin
4%
Uruapan
4%
Vitória da Conquista
4%
Zacatecas
4%
Celaya
3%
Palmira
3%
Caruaru
2%
Minatitlán
0%

Score Distribution

Percentile by Number Answered

Percent of People with Each Score

Your Score History

You have not taken this quiz